Library Banner

نور جہاں کی زندگی (Record no. 79351)

MARC details
000 -LEADER
fixed length control field 00412nam a22001457a 4500
005 - DATE AND TIME OF LATEST TRANSACTION
control field 20151201122648.0
008 - FIXED-LENGTH DATA ELEMENTS--GENERAL INFORMATION
fixed length control field 151201b xxu||||| |||| 00| 0 eng d
040 ## - CATALOGING SOURCE
Transcribing agency PK-LaUMT
082 ## - DEWEY DECIMAL CLASSIFICATION NUMBER
Classification number MSC 780.92
Item number TUF-N
100 ## - MAIN ENTRY--PERSONAL NAME
Personal name طفیل اختر
245 ## - TITLE STATEMENT
Title نور جہاں کی زندگی
Statement of responsibility, etc طفیل اختر
260 ## - PUBLICATION, DISTRIBUTION, ETC. (IMPRINT)
Place of publication, distribution, etc لاہور
Name of publisher, distributor, etc پرائم ٹائم پبلیکیشنز
Date of publication, distribution, etc 2002
300 ## - PHYSICAL DESCRIPTION
Extent 240 ص
942 ## - ADDED ENTRY ELEMENTS (KOHA)
Koha item type Books
Holdings
Withdrawn status Lost status Damaged status Home library Current library Date acquired Full call number Barcode Date last seen Price effective from Koha item type
      UMT Main Campus UMT Main Campus 2015-12-01 MSC 780.92 TUF-N 95588 2015-12-01 2015-12-01 Books